Signos de escritura

Đã lưu trong:
Chi tiết về thư mục
Tác giả chính: Harris, Roy (Tác giả)
Định dạng: Sách
Ngôn ngữ:Tiếng Tây Ban Nha
Được phát hành: Barcelona Gedisa 1999
Phiên bản:1a. ed
Loạt:Colección LEA
Những chủ đề:
Các nhãn: Thêm thẻ
Không có thẻ, Là người đầu tiên thẻ bản ghi này!

MARC

LEADER 00000nam a2200000 a 4500
001 UCK2104
003 CL-VaPUC
008 041217e19990000SP |||||||||||||||||spa|d
020 |a 8474326753 
082 0 4 |a 306.44  |b HAR  |2 21 
100 |a Harris, Roy  |e author  |9 494571 
245 1 0 |a Signos de escritura 
250 |a 1a. ed 
300 |a 253 p 
942 |c BK 
945 |d 20041217 00:00:00  |a cmena 
260 |a Barcelona  |b Gedisa  |c 1999 
650 0 |a Sociolingüística  |9 263716 
650 0 |a Investigación lingüística  |9 329785 
650 0 |a Análisis del discurso  |9 256696 
650 0 |a Grupos sociales  |9 268887 
650 0 |a Escritura  |9 264941 
583 |a last modification  |c 20041217 00:00:00  |k Rodrigo Vera 
490 0 |a Colección LEA 
999 |c 311764  |d 311762 
952 |0 0  |1 0  |4 0  |6 306_440000000000000_HAR_1999  |7 0  |8 A  |9 381390  |a FDOPOS  |b FDOPOS  |d 2019-11-21  |i 4087887  |o 306.44 HAR 1999  |p 4087887  |r 2025-01-22  |w 2019-11-21  |y BK  |k MLA